000 01869nam a2200301 i 4500
001 000012408
003 DO-SdBNP
005 20250904084913.0
007 ta
008 091112s1985 dr a 000 j spa d
040 _aDO-SdBNP
_bspa
_cBNPHU
_erda
041 _aspa
082 4 _aRD863.44
_bP925c 1984
_222
111 2 _aPremio Casa de Teatro
_n(7 :
_d1984 :
_cSanto Domingo)
_929104
245 1 0 _aCuentos premiados 1984 /
_cpresentación, Freddy Ginebra.
264 1 _aSanto Domingo :
_bCasa de Teatro,
_bEditora Taller,
_c1985.
300 _a115 páginas :
_bilustraciones ;
_c21 cm.
336 _atexto
_btxt
_2rdacontent
337 _asin mediación
_bn
_2rdamedia
338 _avolumen
_bnc
_2rdacarrier
500 _aRecopilación de los trabajos galardonados por el VII Premio Casa de Teatro
505 0 _aPalabras de presentación --
_tVeredicto --
_tPrimer premio : Pormenores de una servidumbre /
_rPedro Peix (Seudónimo :" Gartinez") --
_tSegundo premio : Visitación /
_rManuel García Cartagena (Seudónimo : "Azrael ") --
_tTercer premio : Desolación otoñal /
_rMayra Estrada Paulino (Seudónimo : " Vladimir Brik") --
_tMensiones honoríficas:
_tLa tumba que ha de tener la Alaika /
_rJosé Cabrera (Seudónimo :" Lobo Rojo" )
_tAy, Yanet asi no se puede! /
_rPedro Camilo Camilo (Seudónimo :" Juan Preciado") --
_tComplice de la subversión /
_rRicardo Rivera Aybar (Seudónimo : " Abdul el kadeer")
_tPedazos de abuela y tierra /
_rReynaldo Disla (Seudónimo : "Zeus Rominus")
_tY la estrella brillaba ... brillaba /
_rRosario C. Then Hernández (Seudónimo : "Sheena")
_tSolo son ellos /
_rRosario C. Then Hernández (Seudónimo :" Sheena")
590 _aInventariado, 2020 /LP
700 1 2 _aGinebra, Freddy
_921605
_epresentador
_4pr.
710 2 _aCasa de Teatro (República Dominicana)
_926649
910 _aValidado. Control de calidad MFF
942 _2ddc
_cLBS1
999 _c12065
_d12065